Sports Quiz

Random Sports Quiz
Score 0/55 Timer 10:00
0 Plays Today
Player % Correct
Asdrubal Cabrera
94.7%
Miguel Cabrera
94.7%
Jacoby Ellsbury
89.5%
Dustin Pedroia
89.5%
David Ortiz
89.5%
Terry Francona
86.8%
Evan Longoria
86.8%
Ben Zobrist
86.8%
Jon Lester
84.2%
Austin Jackson
84.2%
Prince Fielder
84.2%
Nick Swisher
81.6%
Jason Kipnis
81.6%
Joe Maddon
81.6%
Jim Leyland
81.6%
Coco Crisp
81.6%
Michael Bourn
78.9%
Carlos Santana
78.9%
Will Middlebrooks
78.9%
Victor Martinez
78.9%
Yoenis Cespedes
78.9%
Yan Gomes
76.3%
Jonny Gomes
76.3%
Jarrod Saltalamacchia
76.3%
Max Scherzer
76.3%
Michael Brantley
73.7%
Desmond Jennings
73.7%
Mike Napoli
73.7%
Player % Correct
John Farrell
73.7%
Josh Donaldson
73.7%
Alex Avila
71.1%
James Loney
68.4%
Shane Victorino
68.4%
Stephen Drew
68.4%
Jed Lowrie
63.2%
Brandon Moss
63.2%
Lonnie Chisenhall
60.5%
Wil Myers
60.5%
Jose Iglesias
60.5%
Jose Molina
57.9%
Alex Cobb
57.9%
Andy Dirks
57.9%
Josh Reddick
57.9%
Torii Hunter
55.3%
Omar Infante
55.3%
Bartolo Colon
55.3%
Danny Salazar
50%
Eric Sogard
50%
Bob Melvin
50%
Yunel Escobar
47.4%
Daric Barton
47.4%
Stephen Vogt
44.7%
David DeJesus
42.1%
Delmon Young
42.1%
Ryan Raburn
21.1%
Remove Ads.
Support Sporcle.
Get the best of Sporcle when you Go Orange. This ad-free experience offers more features, more stats, and more fun while also helping to support Sporcle. Thank you for becoming a member.

You're not logged in!

Compare scores with friends on all Sporcle quizzes.
OR
Log In

Show Comments

Extras

Top Quizzes Today


Score Distribution

Your Account Isn't Verified!

In order to create a playlist on Sporcle, you need to verify the email address you used during registration. Go to your Sporcle Settings to finish the process.

Report this User

Report this user for behavior that violates our Community Guidelines.

Details: